Mini-Symposium on reforming the world's monetary system (Registro nro. 29359)

Detalles MARC
000 -LEADER
fixed length control field 00362 a2200109 4500
001 - CONTROL NUMBER
control field ART_45587
005 - DATE AND TIME OF LATEST TRANSACTION
control field 20260410161939.0
008 - FIXED-LENGTH DATA ELEMENTS--GENERAL INFORMATION
fixed length control field 260409a
100 1# - MAIN ENTRY--PERSONAL NAME
Personal name Davidson, Paul
245 10 - TITLE STATEMENT
Title Mini-Symposium on reforming the world's monetary system
773 0# - HOST ITEM ENTRY
Title Journal of post Keynesian economics
Related parts - Vol. 15, Nº 2 (dic.1992/mar.1993)
Record control number REV26226

No hay ítems disponibles.